Länder mit ehemaligen Exklaven - Statistiken

Allgemein
  • Dieses Quiz wurde 8 mal gespielt
  • Das Durchschnittsergebnis liegt bei 19 aus 30
Antwortstatistiken
Gebiet Länder % Korrekt
West-Berlin BRD (de-facto)
100%
Ostpreussen Deutsches Reich
100%
Verenahof Deutschland
100%
Zara/Zadar Italien
100%
Zehlendorf Sowjetunion
100%
Niederländisch-Neuguinea/Westneuguinea Niederländisch-Indien
86%
Steinstücken West-Berlin
86%
Kowloon Walled City China
71%
Algerien Frankreich
71%
Chandernagore Französisch-Indien
71%
Karikal Französisch-Indien
71%
Mahé Französisch-Indien
71%
Pondichéry Französisch-Indien
71%
Yanaon Französisch-Indien
71%
Cattaro/Kotor Italien
71%
Spalato/Split Italien
71%
Ostpakistan Pakistan
71%
Junagadh Pakistan
57%
Dadra und Nagar Haveli Portugiesisch-Indien
57%
Damão Portugiesisch-Indien
57%
Diu Portugiesisch-Indien
57%
Goa Portugiesisch-Indien
57%
Smyrna Griechenland
43%
Mount Scopus Israel
43%
Gwadar Oman
29%
Gambela Anglo-Ägyptischer Sudan
14%
Libyen (Tripolitanien, Cyrenaika und Fessan) Osmanisches Reich
14%
Ada Kaleh Osmanisches Reich
14%
Colón Panama
14%
Walvis Bay/Walfischbucht Südafrika
14%
Keine übereinstimmenden Quizze gefunden
Verteilung der Resultate
Anzahl Personen mit jedem Resultat
Perzentil nach korrekt beantworteten Fragen
Ihre Resultats-Entwicklung
Sie haben dieses Quiz noch nicht gespielt